Atlético de Madrid Squad Champions League 2025/2026 - Statistics

General Stats
  • This quiz has been taken 50 times
  • The average score is 19 of 24
Answer Stats
Picture Answer % Correct
Jan Oblak
100%
Julián Álvarez
100%
Antoine Griezmann
95%
Clément Lenglet
93%
Alexander Sørloth
90%
Conor Gallagher
90%
Koke
90%
Giuliano Simeone
88%
Jose María Giménez
88%
Marcos Llorente
88%
Nahuel Molina
85%
Robin Le Normand
85%
Dávid Hancko
83%
Juan Musso
80%
Álex Baena
78%
Pablo Barrios
78%
Giacomo Raspadori
76%
Thiago Almada
71%
Javi Galán
68%
Matteo Ruggeri
68%
Nico González
66%
Johnny Cardoso
59%
Marc Pubill
56%
Carlos Martín
27%
No matching quizzes found
Score Distribution
Percent of People with Each Score
Percentile by Number Answered
Your Score History
You have not taken this quiz